000 00692nam a2200229 a 4500
001 BRCA_966
005 20190320203226.0
008 890418s1989 nyua---##b---#001-0#eng-#
020 _a0847811360
040 _aDLC
_cDLC
_dDLC
050 4 _aNK1396
_b.C65 1989
100 1 _aCollins, Michael
_d1950-
_93188
245 1 0 _aPost-Modern Design
_cMichael Collins, Andreas Papadakis.
260 _aNueva York
_bRizzoli
_c1989
300 _a288 p.
_bil. (algunas a color)
_c31 cm.
500 _aIncluye índice alfabético
504 _aBibliografía: p. 286
650 1 4 _aDiseño
_xHistoria
_ySiglo XX
_93189
650 1 4 _aPostmodernismo
_93190
700 1 _aPapadakis, Andreas
_93191
942 _2lcc
_cB
999 _c852
_d852